[Event "LXI C.to Italiano"]
[Site "Montecatini Terme ITA"]
[Date "2001.11.24"]
[Round "4"]
[White "Bellia, Fabrizio"]
[Black "Costantini, Roberto"]
[Result "1/2-1/2"]
[WhiteElo "2413"]
[BlackElo "2314"]
[PlyCount "97"]
[EventDate "2001.11.21"]

1. e4 c5 2. Nf3 d6 3. d4 cxd4 4. Nxd4 Nf6 5. Nc3 a6 6. Be2 e5 7. Nb3 Be7 8. O-O
O-O 9. Kh1 b6 10. Be3 Bb7 11. f3 b5 12. a4 b4 13. Nd5 Nxd5 14. exd5 Nd7 15. c4
bxc3 16. bxc3 Qc7 17. c4 a5 18. Qd2 Nc5 19. Nxc5 dxc5 20. f4 Bd6 21. fxe5 Bxe5
22. Rab1 Ba6 23. Bf4 Bxf4 24. Qxf4 Qxf4 25. Rxf4 Rab8 26. Rxb8 Rxb8 27. Kg1 Kf8
28. Kf2 Bc8 29. Re4 Bd7 30. Bd1 Rb1 31. Bg4 Rb2+ 32. Ke1 f5 33. Bxf5 Bxf5 34.
Rf4 Rxg2 35. Rxf5+ Ke7 36. Re5+ Kd7 37. Re6 Rg4 38. Ra6 Rxc4 39. Rxa5 Kd6 40.
Ra7 Kxd5 41. Rxg7 Rh4 42. a5 Rxh2 43. a6 Ra2 44. Rxh7 Rxa6 45. Kd2 Ra3 46. Rh4
c4 47. Kc2 Kc5 48. Rh7 Rg3 49. Rh8 1/2-1/2

[Event "LXI C.to Italiano"]
[Site "Montecatini Terme ITA"]
[Date "2001.11.24"]
[Round "4"]
[White "Scafarelli, Francesco"]
[Black "Mantovani, Renzo"]
[Result "0-1"]
[WhiteElo "2304"]
[BlackElo "2369"]
[PlyCount "74"]
[EventDate "2001.11.21"]

1. d4 Nf6 2. Nf3 e6 3. c4 b6 4. g3 Ba6 5. b3 Bb4+ 6. Bd2 Be7 7. Bg2 c6 8. O-O
O-O 9. Bc3 d5 10. Nbd2 Nbd7 11. Re1 Qc7 12. Rc1 Rac8 13. Bb2 Qb8 14. a3 Rfd8
15. b4 dxc4 16. Nxc4 c5 17. Qb3 Bxc4 18. Rxc4 b5 19. Rcc1 c4 20. Qc2 Nd5 21. e4
N5b6 22. Bc3 Na4 23. Rcd1 a5 24. d5 Nxc3 25. Qxc3 axb4 26. axb4 exd5 27. exd5
Bf6 28. Qc2 Qd6 29. Nd4 Bxd4 30. Rxd4 Qxb4 31. Rb1 Qc5 32. Rf4 g6 33. Rh4 Ne5
34. Qd2 f6 35. Re1 c3 36. Qh6 Rc7 37. Rxe5 c2 0-1

[Event "LXI C.to Italiano"]
[Site "Montecatini Terme ITA"]
[Date "2001.11.24"]
[Round "4"]
[White "Tatai, Stefano"]
[Black "Arlandi, Ennio"]
[Result "0-1"]
[WhiteElo "2352"]
[BlackElo "2453"]
[PlyCount "96"]
[EventDate "2001.11.21"]

1. d4 Nf6 2. c4 e6 3. Nf3 d5 4. Nc3 Be7 5. cxd5 exd5 6. Bg5 c6 7. Qc2 g6 8. e3
Bf5 9. Bd3 Bxd3 10. Qxd3 O-O 11. O-O Nbd7 12. Rab1 Re8 13. Bxf6 Bxf6 14. Rfc1
Qe7 15. Na4 Nb6 16. Nc5 Nc4 17. Nd2 Nd6 18. a4 Kg7 19. Re1 Rad8 20. Rbc1 Qf8
21. Nb1 Re7 22. b4 a6 23. Nc3 Qe8 24. b5 axb5 25. axb5 Nf5 26. Kf1 Bg5 27. Rb1
Rd6 28. bxc6 bxc6 29. Re2 h5 30. g3 h4 31. g4 Nxe3+ 32. fxe3 Rf6+ 33. Ke1 Rf3
34. Nd1 Bxe3 35. Rbb2 Bf2+ 36. Nxf2 Rxd3 37. Nfxd3 Rxe2+ 38. Rxe2 Qa8 39. Kf2
Qa1 40. Ke3 Qg1+ 41. Rf2 f6 42. Nd7 Qxg4 43. Nxf6 Qg1 44. Nd7 g5 45. N7e5 g4
46. Ke2 g3 47. hxg3 hxg3 48. Nf3 gxf2 0-1

[Event "LXI C.to Italiano"]
[Site "Montecatini Terme ITA"]
[Date "2001.11.25"]
[Round "5"]
[White "Arlandi, Ennio"]
[Black "Bellia, Fabrizio"]
[Result "1/2-1/2"]
[WhiteElo "2453"]
[BlackElo "2413"]
[PlyCount "110"]
[EventDate "2001.11.21"]

1. d4 Nf6 2. c4 e6 3. Nc3 Bb4 4. Qc2 O-O 5. a3 Bxc3+ 6. Qxc3 b6 7. Bg5 Bb7 8.
Nf3 d6 9. Nd2 h6 10. Bh4 Nbd7 11. f3 Rc8 12. e3 c5 13. dxc5 Rxc5 14. b4 Rc8 15.
Qb2 e5 16. e4 Re8 17. Bd3 Nf8 18. O-O Ng6 19. Bf2 Nf4 20. Qb3 Nh7 21. Be1 Qg5
22. g3 Ne6 23. Rf2 Nd4 24. Qd1 Nf8 25. Nf1 Nfe6 26. h4 Qf6 27. Ne3 g6 28. Bd2
Qg7 29. Nd5 f5 30. Ra2 Rf8 31. Qf1 Rf7 32. Kh2 Rcf8 33. exf5 gxf5 34. f4 e4 35.
Be2 Nxe2 36. Qxe2 Bxd5 37. cxd5 Nd4 38. Bc3 Nxe2 39. Bxg7 Rxg7 40. Rfxe2 Rc8
41. Rac2 Rgc7 42. Rxc7 Rxc7 43. g4 fxg4 44. Rxe4 h5 45. Re6 Rc2+ 46. Kg1 Rc3
47. Rxd6 Rxa3 48. Rd8+ Kf7 49. d6 Rg3+ 50. Kh2 Rf3 51. Rh8 Ke6 52. Rh6+ Kd7 53.
Rxh5 Kxd6 54. Rh7 Rxf4 55. Rxa7 Rxb4 1/2-1/2

[Event "LXI C.to Italiano"]
[Site "Montecatini Terme ITA"]
[Date "2001.11.25"]
[Round "5"]
[White "Costantini, Roberto"]
[Black "Vismara, Daniele"]
[Result "0-1"]
[WhiteElo "2314"]
[BlackElo "2365"]
[PlyCount "84"]
[EventDate "2001.11.21"]

1. e4 c5 2. Nf3 d6 3. d4 cxd4 4. Nxd4 Nf6 5. Nc3 a6 6. Be3 e6 7. Be2 Be7 8. O-O
O-O 9. f4 Qc7 10. Qe1 Nc6 11. Qg3 Bd7 12. Rad1 Nxd4 13. Bxd4 Bc6 14. Kh1 g6 15.
Bf3 b5 16. a3 Qb7 17. f5 Rad8 18. Qh3 e5 19. Be3 Kh8 20. Bg5 gxf5 21. exf5 Rg8
22. Qh4 Rxg5 23. Qxg5 d5 24. Ne2 Rg8 25. Qh6 Qb8 26. Ng3 e4 27. Be2 Qc7 28. Nh5
Ng4 29. Bxg4 Bg5 30. Qxg5 Rxg5 31. h3 Qe5 32. c3 Bd7 33. Nf4 Bc6 34. Ne2 h5 35.
Nd4 hxg4 36. Nxc6 Qd6 37. h4 Rh5 38. Nb4 Rxh4+ 39. Kg1 g3 40. f6 Qc5+ 41. Rd4
Qf8 42. Rf5 Qh6 0-1

[Event "LXI C.to Italiano"]
[Site "Montecatini Terme ITA"]
[Date "2001.11.25"]
[Round "5"]
[White "Lanzani, Mario"]
[Black "Belotti, Bruno"]
[Result "1/2-1/2"]
[WhiteElo "2378"]
[BlackElo "2403"]
[PlyCount "36"]
[EventDate "2001.11.21"]

1. e4 e6 2. d4 d5 3. exd5 exd5 4. Nf3 Nf6 5. c4 Be7 6. Nc3 O-O 7. cxd5 Nxd5 8.
Bc4 Nb6 9. Bb3 Nc6 10. O-O Bg4 11. Be3 Rb8 12. Rc1 a6 13. Ne4 Nd5 14. h3 Bh5
15. Nc5 Qd6 16. Ne4 Qd8 17. Nc5 Qd6 18. Ne4 Qd8 1/2-1/2

[Event "LXI C.to Italiano"]
[Site "Montecatini Terme ITA"]
[Date "2001.11.25"]
[Round "5"]
[White "Sarno, Spartaco"]
[Black "Tatai, Stefano"]
[Result "1/2-1/2"]
[WhiteElo "2407"]
[BlackElo "2352"]
[PlyCount "57"]
[EventDate "2001.11.21"]

1. Nf3 Nf6 2. c4 e6 3. g3 d5 4. Bg2 Be7 5. O-O O-O 6. b3 b6 7. Bb2 Bb7 8. e3 c5
9. Qe2 Nc6 10. Rd1 Rc8 11. d4 cxd4 12. exd4 Qc7 13. Nbd2 Rfd8 14. Rac1 Qb8 15.
Nf1 Bf8 16. Ne3 Ne7 17. Bh3 Re8 18. Ne5 Rcd8 19. Ng2 Ng6 20. Nxg6 hxg6 21. Nf4
Bd6 22. Nd3 dxc4 23. bxc4 Be4 24. f3 Bf5 25. Bg2 g5 26. Nf2 Nd7 27. Qe3 f6 28.
Qb3 Kh8 29. Ne4 1/2-1/2

[Event "LXI C.to Italiano"]
[Site "Montecatini Terme ITA"]
[Date "2001.11.25"]
[Round "5"]
[White "Vezzosi, Paolo"]
[Black "Scafarelli, Francesco"]
[Result "1-0"]
[WhiteElo "2401"]
[BlackElo "2304"]
[PlyCount "33"]
[EventDate "2001.11.21"]

1. c4 Nf6 2. g3 g6 3. Bg2 Bg7 4. Nc3 c5 5. Nf3 O-O 6. O-O d5 7. cxd5 Nxd5 8.
Nxd5 Qxd5 9. d3 Nc6 10. Be3 Nb4 11. a3 Na6 12. Qd2 Qh5 13. Rac1 Bd7 14. Rc4 Bb5
15. Rh4 Qf5 16. Bh6 Qf6 17. Ng5 1-0

[Event "LXI C.to Italiano"]
[Site "Montecatini Terme ITA"]
[Date "2001.11.26"]
[Round "6"]
[White "Bellia, Fabrizio"]
[Black "Sarno, Spartaco"]
[Result "1/2-1/2"]
[WhiteElo "2413"]
[BlackElo "2407"]
[PlyCount "41"]
[EventDate "2001.11.21"]

1. e4 d6 2. d4 Nf6 3. Nc3 g6 4. Nf3 Bg7 5. Be2 O-O 6. O-O c6 7. Re1 Nbd7 8. e5
Ne8 9. Bf4 dxe5 10. dxe5 Nc7 11. Qc1 Ne6 12. Bh6 Qc7 13. Bxg7 Kxg7 14. Bc4 Nb6
15. Bb3 Nc5 16. Qg5 a5 17. Qe3 Nxb3 18. axb3 Bg4 19. h3 Bxf3 20. Qxf3 Nd5 21.
Nxd5 1/2-1/2

[Event "LXI C.to Italiano"]
[Site "Montecatini Terme ITA"]
[Date "2001.11.26"]
[Round "6"]
[White "Scafarelli, Francesco"]
[Black "Lanzani, Mario"]
[Result "1/2-1/2"]
[WhiteElo "2304"]
[BlackElo "2378"]
[PlyCount "43"]
[EventDate "2001.11.21"]

1. c4 Nf6 2. Nf3 e6 3. d4 b6 4. Nc3 Bb4 5. Bd2 Bb7 6. e3 O-O 7. Be2 d6 8. b3
Nbd7 9. a3 Bxc3 10. Bxc3 Ne4 11. Bb2 f5 12. O-O Rf6 13. d5 e5 14. Nd2 Nxd2 15.
Qxd2 Qe7 16. Rad1 Raf8 17. f4 R6f7 18. Bd3 Bc8 19. Bc2 Re8 20. Rde1 e4 21. g3
Nf6 22. Rd1 1/2-1/2

[Event "LXI C.to Italiano"]
[Site "Montecatini Terme ITA"]
[Date "2001.11.26"]
[Round "6"]
[White "Vismara, Daniele"]
[Black "Arlandi, Ennio"]
[Result "1-0"]
[WhiteElo "2365"]
[BlackElo "2453"]
[PlyCount "101"]
[EventDate "2001.11.21"]

1. Nf3 d5 2. d4 e6 3. c4 Nf6 4. g3 Bb4+ 5. Bd2 Be7 6. Bg2 O-O 7. O-O c6 8. Qc2
b6 9. b3 Nbd7 10. Bf4 Bb7 11. Nc3 Rc8 12. e4 c5 13. exd5 exd5 14. dxc5 dxc4 15.
b4 a5 16. a3 axb4 17. axb4 bxc5 18. b5 Ra8 19. Rad1 Qa5 20. Rfe1 Rfe8 21. Nd2
Bxg2 22. Kxg2 Nb6 23. Bc7 Qa7 24. Bxb6 Qxb6 25. Nxc4 Qb7+ 26. Kg1 Bf8 27. Rxe8
Rxe8 28. b6 Qf3 29. Rb1 Nh5 30. Nd2 Qg4 31. Qa4 Qxa4 32. Nxa4 Nf6 33. Nc4 Nd7
34. Kg2 Re4 35. b7 Nb8 36. Nab6 Re7 37. Nc8 Rc7 38. Na7 f6 39. Na5 c4 40. N7c6
c3 41. Nxb8 c2 42. Rc1 Ba3 43. Na6 Rxb7 44. Nxb7 Bxc1 45. Nb4 g5 46. Nxc2 h5
47. Nd6 Kg7 48. h3 Kg6 49. g4 hxg4 50. hxg4 Bf4 51. Ne4 1-0

[Event "LXI C.to Italiano"]
[Site "Montecatini Terme ITA"]
[Date "2001.11.27"]
[Round "7"]
[White "Arlandi, Ennio"]
[Black "Belotti, Bruno"]
[Result "1/2-1/2"]
[WhiteElo "2453"]
[BlackElo "2403"]
[PlyCount "89"]
[EventDate "2001.11.21"]

1. d4 d5 2. c4 c6 3. Nf3 Nf6 4. e3 a6 5. Qc2 g6 6. Bd3 Bg7 7. Nbd2 O-O 8. O-O
Nbd7 9. Rd1 c5 10. b3 cxd4 11. exd4 Nh5 12. Bb2 Nf4 13. Bf1 Nf6 14. Ne5 Bf5 15.
Qc3 dxc4 16. bxc4 b5 17. Qe3 Ne6 18. d5 Ng4 19. Nxg4 Bxg4 20. Bxg7 Nxg7 21. f3
Bc8 22. cxb5 axb5 23. Qc5 Bd7 24. Ne4 Rc8 25. Qf2 Nf5 26. Rab1 Qa5 27. d6 Be6
28. dxe7 Nxe7 29. Rxb5 Qa4 30. Nf6+ Kh8 31. Rd4 Qxa2 32. Qh4 Kg7 33. Nxh7 Rh8
34. Qf6+ Kg8 35. Ng5 Nf5 36. Nxe6 Qxe6 37. Qxe6 fxe6 38. Rd7 Rh7 39. Bc4 Rxd7
40. Bxe6+ Kg7 41. Bxd7 Rc1+ 42. Kf2 Rc2+ 43. Ke1 Rxg2 44. Bxf5 gxf5 45. Rxf5
1/2-1/2

[Event "LXI C.to Italiano"]
[Site "Montecatini Terme ITA"]
[Date "2001.11.27"]
[Round "7"]
[White "Costantini, Roberto"]
[Black "Scafarelli, Francesco"]
[Result "0-1"]
[WhiteElo "2314"]
[BlackElo "2304"]
[PlyCount "102"]
[EventDate "2001.11.21"]

1. e4 c5 2. Nf3 Nf6 3. e5 Nd5 4. d4 cxd4 5. c3 Nc6 6. cxd4 e6 7. Bd3 Ndb4 8.
Bc4 d6 9. a3 Nd5 10. O-O Be7 11. Qe2 O-O 12. Rd1 f6 13. exd6 Qxd6 14. Nc3 a6
15. Ne4 Qc7 16. Bd2 Bd7 17. Re1 Rad8 18. Rad1 Rfe8 19. Ba2 Bf8 20. Qd3 Nce7 21.
Nc5 Ng6 22. Nxd7 Rxd7 23. g3 Qb6 24. Bc1 Qb5 25. Qe4 Kh8 26. h4 Nc7 27. Qg4 Qc6
28. h5 f5 29. Qh3 Qxf3 30. hxg6 h6 31. Bf4 Nd5 32. Be5 Kg8 33. Rc1 Bd6 34. Bxd6
Rxd6 35. Re5 Nf4 36. Qf1 Nxg6 37. Re3 Qg4 38. Rce1 f4 39. Re4 Kh8 40. Qg2 Qf5
41. g4 Qf6 42. Qh2 Rxd4 43. Rxd4 Qxd4 44. Qh5 Qf6 45. Bb1 Kh7 46. Kg2 f3+ 47.
Kg3 e5 48. Bf5 e4 49. Kh2 e3 50. Rxe3 Rxe3 51. fxe3 Qxb2+ 0-1

[Event "LXI C.to Italiano"]
[Site "Montecatini Terme ITA"]
[Date "2001.11.27"]
[Round "7"]
[White "Lanzani, Mario"]
[Black "Mantovani, Renzo"]
[Result "1/2-1/2"]
[WhiteElo "2378"]
[BlackElo "2369"]
[PlyCount "31"]
[EventDate "2001.11.21"]

1. e4 c5 2. Nf3 Nc6 3. d4 cxd4 4. Nxd4 Nf6 5. Nc3 d6 6. Be2 g6 7. Nb3 Bg7 8.
O-O O-O 9. Re1 Be6 10. Bf1 a5 11. a4 Rc8 12. Nb5 Ne5 13. N3d4 Bc4 14. Bxc4 Nxc4
15. b3 Ne5 16. c4 1/2-1/2

[Event "LXI C.to Italiano"]
[Site "Montecatini Terme ITA"]
[Date "2001.11.27"]
[Round "7"]
[White "Sarno, Spartaco"]
[Black "Vismara, Daniele"]
[Result "1/2-1/2"]
[WhiteElo "2407"]
[BlackElo "2365"]
[PlyCount "41"]
[EventDate "2001.11.21"]

1. c4 Nf6 2. Nf3 c5 3. g3 b6 4. Bg2 Bb7 5. O-O e6 6. Nc3 Be7 7. Re1 Ne4 8. Nxe4
Bxe4 9. d3 Bb7 10. e4 Nc6 11. Be3 O-O 12. d4 cxd4 13. Nxd4 Nxd4 14. Qxd4 d6 15.
Rac1 Qc7 16. b3 Bc6 17. Bd2 Rfd8 18. Bc3 Bf8 19. Qd2 Qb7 20. Bb2 a6 21. a4
1/2-1/2

[Event "LXI C.to Italiano"]
[Site "Montecatini Terme ITA"]
[Date "2001.11.28"]
[Round "8"]
[White "Mantovani, Renzo"]
[Black "Costantini, Roberto"]
[Result "0-1"]
[WhiteElo "2369"]
[BlackElo "2314"]
[PlyCount "86"]
[EventDate "2001.11.21"]

1. e4 c5 2. Nf3 d6 3. Bb5+ Nd7 4. O-O Ngf6 5. Re1 a6 6. Bf1 b6 7. c4 Bb7 8. Nc3
e6 9. b3 Be7 10. Bb2 O-O 11. d4 cxd4 12. Qxd4 Qc7 13. Rac1 Rac8 14. h3 Rfe8 15.
Nd2 Qb8 16. b4 Bd8 17. Nb3 Bc7 18. Kh1 Ne5 19. a3 Rcd8 20. f4 Ng6 21. Qf2 Qa8
22. Nd2 h5 23. Na4 e5 24. f5 Nf8 25. Nc3 N8d7 26. Nd5 Bb8 27. Rc3 b5 28. Nxf6+
Nxf6 29. cxb5 Bxe4 30. Nxe4 Nxe4 31. Qf3 d5 32. Rc2 h4 33. bxa6 Qa7 34. Rxe4
dxe4 35. Qxe4 Rd1 36. Rc1 Red8 37. Qxh4 Qb6 38. f6 Ba7 39. Rc5 Rxf1+ 40. Kh2
Qxf6 41. Qxf6 Rxf6 42. Ra5 Re6 43. Rb5 f6 0-1

[Event "LXI C.to Italiano"]
[Site "Montecatini Terme ITA"]
[Date "2001.11.28"]
[Round "8"]
[White "Scafarelli, Francesco"]
[Black "Arlandi, Ennio"]
[Result "0-1"]
[WhiteElo "2304"]
[BlackElo "2453"]
[PlyCount "56"]
[EventDate "2001.11.21"]

1. d4 Nf6 2. Nf3 d5 3. c4 e6 4. Nc3 Be7 5. Bg5 O-O 6. e3 h6 7. Bh4 b6 8. Rc1
Bb7 9. cxd5 exd5 10. Bd3 Nbd7 11. O-O Ne4 12. Bxe7 Qxe7 13. Qe2 c5 14. Ba6 Ndf6
15. Bxb7 Qxb7 16. dxc5 bxc5 17. Rfd1 a5 18. b3 Nxc3 19. Rxc3 Rfc8 20. Nd2 a4
21. Rdc1 axb3 22. Nxb3 c4 23. Nd4 Ra4 24. R3c2 Rca8 25. Rb2 Rb4 26. Rcb1 Raa4
27. Qd2 Rxb2 28. Rxb2 Rxa2 0-1

[Event "LXI C.to Italiano"]
[Site "Montecatini Terme ITA"]
[Date "2001.11.28"]
[Round "8"]
[White "Vezzosi, Paolo"]
[Black "Lanzani, Mario"]
[Result "1/2-1/2"]
[WhiteElo "2401"]
[BlackElo "2378"]
[PlyCount "99"]
[EventDate "2001.11.21"]

1. d4 Nf6 2. c4 e6 3. Nc3 Bb4 4. e3 c5 5. Nge2 cxd4 6. exd4 O-O 7. a3 Be7 8.
Nf4 Re8 9. Be2 d5 10. cxd5 Nxd5 11. Ncxd5 exd5 12. O-O Nc6 13. Bf3 Bf6 14. Be3
Be6 15. Qd3 Qd7 16. Nxe6 Qxe6 17. Rac1 Red8 18. h3 a6 19. Rc2 Be7 20. Rfc1 Qg6
21. Qd2 Qf6 22. Rd1 h6 23. Bf4 Bd6 24. Bxd6 Rxd6 25. b4 Rad8 26. Rc5 b6 27. Rc3
Ne7 28. Bg4 Ng6 29. Rdc1 Nf8 30. Rf3 Qe7 31. Re1 Qc7 32. Rc3 Rc6 33. Rec1 Rxc3
34. Qxc3 Qd6 35. Qc7 Qxc7 36. Rxc7 Rd6 37. Rc8 g6 38. Kf1 Kg7 39. Rc7 b5 40. f3
Ne6 41. Bxe6 Rxe6 42. Kf2 h5 43. h4 Kf6 44. Rd7 Rc6 45. Rxd5 Rc2+ 46. Kg3 Ke7
47. a4 bxa4 48. Ra5 Rc4 49. Rxa4 Rxd4 50. Rxa6 1/2-1/2

[Event "LXI C.to Italiano"]
[Site "Montecatini Terme ITA"]
[Date "2001.11.29"]
[Round "9"]
[White "Arlandi, Ennio"]
[Black "Mantovani, Renzo"]
[Result "0-1"]
[WhiteElo "2453"]
[BlackElo "2369"]
[PlyCount "132"]
[EventDate "2001.11.21"]

1. d4 Nf6 2. c4 c5 3. d5 g6 4. Nc3 Bg7 5. e4 O-O 6. Nf3 d6 7. h3 a6 8. a4 e6 9.
Bd3 exd5 10. cxd5 Re8 11. O-O Nh5 12. Bg5 Bf6 13. Be3 Nd7 14. Qd2 Ne5 15. Be2
Nxf3+ 16. Bxf3 Ng7 17. a5 Bd7 18. Na4 Bxa4 19. Rxa4 b5 20. axb6 Qxb6 21. Rb1 a5
22. Qc2 Be5 23. g4 Qd8 24. Be2 f5 25. exf5 gxf5 26. gxf5 Qf6 27. Rg4 Kh8 28.
Bd3 Rab8 29. Bg5 Qf7 30. f6 Nh5 31. Bf5 Nxf6 32. Be6 Qh5 33. Rg2 Qf3 34. Bxf6+
Qxf6 35. b3 Rb4 36. Re1 Rf8 37. Re4 Bf4 38. Rg4 Be5 39. Rxb4 axb4 40. Qe2 Bd4
41. Rg2 Qf4 42. Rg4 Bxf2+ 43. Kg2 Qc1 44. Qxf2 Rxf2+ 45. Kxf2 Qc2+ 46. Kg3 h6
47. Kh4 Qxb3 48. Kh5 Qxh3+ 49. Kg6 c4 50. Bf5 Qe3 51. Kf7 Qg5 52. Ke6 Qe3+ 53.
Kxd6 Qb6+ 54. Ke7 Qc7+ 55. Bd7 Qe5+ 56. Be6 Qc7+ 57. Bd7 b3 58. d6 Qc5 59. Be6
b2 60. Rxc4 Qg5+ 61. Kd7 Qg7+ 62. Kc8 b1=Q 63. d7 Kh7 64. Rc7 Qe4 65. Bg8+ Kxg8
66. d8=Q+ Qf8 0-1

[Event "LXI C.to Italiano"]
[Site "Montecatini Terme ITA"]
[Date "2001.11.29"]
[Round "9"]
[White "Costantini, Roberto"]
[Black "Vezzosi, Paolo"]
[Result "1-0"]
[WhiteElo "2314"]
[BlackElo "2401"]
[PlyCount "59"]
[EventDate "2001.11.21"]

1. e4 c6 2. d4 d5 3. Nd2 dxe4 4. Nxe4 Bf5 5. Ng3 Bg6 6. h4 h6 7. Nf3 Nf6 8. Ne5
Bh7 9. Bd3 Bxd3 10. Qxd3 e6 11. Bd2 Nbd7 12. f4 c5 13. O-O-O Rc8 14. Ng6 c4 15.
Qe2 fxg6 16. d5 Nc5 17. Bc3 Nxd5 18. Qg4 Qd7 19. Rhe1 Kf7 20. h5 gxh5 21. Nxh5
Nd3+ 22. cxd3 Nxc3 23. bxc3 cxd3 24. Rxd3 Qc6 25. f5 exf5 26. Qxf5+ Kg8 27. Rg3
Ba3+ 28. Kc2 g5 29. Rxg5+ hxg5 30. Qxg5+ 1-0

[Event "LXI C.to Italiano"]
[Site "Montecatini Terme ITA"]
[Date "2001.11.29"]
[Round "9"]
[White "Sarno, Spartaco"]
[Black "Scafarelli, Francesco"]
[Result "1-0"]
[WhiteElo "2407"]
[BlackElo "2304"]
[PlyCount "55"]
[EventDate "2001.11.21"]

1. d4 d5 2. Nf3 Nf6 3. c4 e6 4. Nc3 c5 5. cxd5 Nxd5 6. g3 Nc6 7. Bg2 cxd4 8.
Nxd4 Nxc3 9. bxc3 Nxd4 10. cxd4 Bb4+ 11. Kf1 O-O 12. Rb1 Bc3 13. Be3 Qa5 14.
Qd3 Qxa2 15. Be4 f5 16. Bf3 e5 17. dxe5 Be6 18. Kg2 Bxe5 19. Rxb7 Bf6 20. Qb1
Qa6 21. Rc7 Rab8 22. Qc1 Rfc8 23. Rxa7 Qb5 24. Qd2 Rd8 25. Qa5 Qb3 26. Rc1 Rb5
27. Qc7 Bd5 28. Bg5 1-0

[Event "LXI C.to Italiano"]
[Site "Montecatini Terme ITA"]
[Date "2001.11.29"]
[Round "9"]
[White "Tatai, Stefano"]
[Black "Belotti, Bruno"]
[Result "0-1"]
[WhiteElo "2352"]
[BlackElo "2403"]
[PlyCount "80"]
[EventDate "2001.11.21"]

1. e4 d5 2. exd5 Qxd5 3. Nc3 Qa5 4. d4 Nf6 5. Nf3 c6 6. Bc4 Bf5 7. Bd2 e6 8.
Qe2 Bb4 9. a3 Nbd7 10. Ne5 Nxe5 11. dxe5 Nd5 12. Bxd5 exd5 13. O-O Be7 14. Ne4
Qa6 15. Qxa6 bxa6 16. Nd6+ Bxd6 17. exd6 Kd7 18. Bb4 Rhe8 19. Rfe1 Bxc2 20.
Re7+ Rxe7 21. dxe7 Rb8 22. Rc1 a5 23. Bc3 Ba4 24. Bxg7 Kxe7 25. Re1+ Kd7 26.
Bf6 c5 27. Re7+ Kc6 28. Be5 Rb3 29. Rc7+ Kb6 30. Rxf7 d4 31. Bc7+ Kc6 32. Bxa5
Rxb2 33. f4 d3 34. Rxa7 Bb3 35. Rc7+ Kb5 36. Be1 d2 37. Bxd2 Rxd2 38. Rb7+ Kc4
39. f5 Kc3 40. g4 Bd5 0-1

[Event "LXI C.to Italiano"]
[Site "Montecatini Terme ITA"]
[Date "2001.11.30"]
[Round "10"]
[White "Lanzani, Mario"]
[Black "Costantini, Roberto"]
[Result "0-1"]
[WhiteElo "2378"]
[BlackElo "2314"]
[PlyCount "116"]
[EventDate "2001.11.21"]

1. e4 c5 2. Nf3 d6 3. d4 Nf6 4. Nc3 cxd4 5. Nxd4 a6 6. Be2 e5 7. Nf5 d5 8. Bg5
d4 9. Bxf6 Qxf6 10. Nd5 Qd8 11. c4 g6 12. Ng3 Bg7 13. O-O O-O 14. Bf3 Be6 15.
Ne2 Nd7 16. Nc1 Rc8 17. b3 b5 18. Be2 f5 19. f3 Nb6 20. Nxb6 Qxb6 21. Kh1 bxc4
22. Bxc4 Bxc4 23. bxc4 Rxc4 24. Nd3 Rfc8 25. Re1 Qa5 26. f4 fxe4 27. Rxe4 Qd5
28. Qf3 Rc3 29. h3 Qc4 30. Rd1 exf4 31. Qe2 Qc6 32. Nxf4 Rc2 33. Qd3 Rc3 34.
Qe2 Rc2 35. Qd3 Qc4 36. Qxc4+ R8xc4 37. Ne6 Rc1 38. Rg1 d3 39. Rxc4 Rxc4 40.
Rd1 Be5 41. Kg1 Rc6 42. Ng5 Bf4 43. Nf3 d2 44. Kf2 Rc2 45. g3 Bh6 46. h4 Rxa2
47. Ng5 Bxg5 48. hxg5 Kf7 49. Ke2 Ke6 50. Rb1 Kf5 51. Rb7 Kxg5 52. Rxh7 Kg4 53.
Rd7 g5 54. Rd5 a5 55. Rc5 a4 56. Rd5 a3 57. Ra5 Ra1 58. Kxd2 a2 0-1

[Event "LXI C.to Italiano"]
[Site "Montecatini Terme ITA"]
[Date "2001.11.30"]
[Round "10"]
[White "Mantovani, Renzo"]
[Black "Sarno, Spartaco"]
[Result "1/2-1/2"]
[WhiteElo "2369"]
[BlackElo "2407"]
[PlyCount "24"]
[EventDate "2001.11.21"]

1. d4 g6 2. Nf3 Bg7 3. e4 d6 4. c3 Nf6 5. Nbd2 O-O 6. Be2 Nbd7 7. O-O e5 8.
dxe5 dxe5 9. Re1 Qe7 10. Qc2 Nh5 11. Bf1 Nf4 12. Nc4 Ne6 1/2-1/2

[Event "LXI C.to Italiano"]
[Site "Montecatini Terme ITA"]
[Date "2001.11.30"]
[Round "10"]
[White "Scafarelli, Francesco"]
[Black "Tatai, Stefano"]
[Result "1/2-1/2"]
[WhiteElo "2304"]
[BlackElo "2352"]
[PlyCount "46"]
[EventDate "2001.11.21"]

1. Nf3 Nf6 2. c4 e6 3. d4 d5 4. Nc3 Bb4 5. e3 O-O 6. Bd2 b6 7. cxd5 exd5 8. Bd3
Bb7 9. O-O Nbd7 10. Rc1 Qe7 11. a3 Bd6 12. Nb5 Ba6 13. Qa4 Nb8 14. Qb3 c5 15.
Nxd6 Qxd6 16. Bxa6 Nxa6 17. Qb5 Nc7 18. dxc5 Nxb5 19. cxd6 Nxd6 20. Bb4 Rfd8
21. Bxd6 Rxd6 22. Rc7 Ne8 23. Rb7 Rdd8 1/2-1/2

[Event "LXI C.to Italiano"]
[Site "Montecatini Terme ITA"]
[Date "2001.11.30"]
[Round "10"]
[White "Vezzosi, Paolo"]
[Black "Arlandi, Ennio"]
[Result "1/2-1/2"]
[WhiteElo "2401"]
[BlackElo "2453"]
[PlyCount "60"]
[EventDate "2001.11.21"]

1. c4 e6 2. g3 d5 3. Bg2 Nf6 4. Nf3 Be7 5. b3 O-O 6. Bb2 b6 7. O-O Bb7 8. e3 c5
9. Qe2 Nbd7 10. Rd1 Qc7 11. Nc3 Rad8 12. Rac1 Qb8 13. cxd5 Nxd5 14. Nxd5 Bxd5
15. d4 Qa8 16. Ne1 Bxg2 17. Nxg2 cxd4 18. Bxd4 Bf6 19. Ne1 Bxd4 20. Rxd4 Nf6
21. Rdc4 Rc8 22. Qf3 Nd5 23. Nd3 Qb8 24. Kg2 Rxc4 25. Rxc4 Rd8 26. Nf4 Nxf4+
27. Rxf4 Rd7 28. Rc4 Kf8 29. Qe4 Qb7 30. Qxb7 Rxb7 1/2-1/2

[Event "LXI C.to Italiano"]
[Site "Montecatini Terme ITA"]
[Date "2001.12.01"]
[Round "11"]
[White "Arlandi, Ennio"]
[Black "Lanzani, Mario"]
[Result "1/2-1/2"]
[WhiteElo "2453"]
[BlackElo "2378"]
[PlyCount "89"]
[EventDate "2001.11.21"]

1. d4 Nf6 2. c4 e6 3. Nc3 Bb4 4. Qc2 O-O 5. a3 Bxc3+ 6. Qxc3 b6 7. Bg5 Bb7 8.
Nf3 h6 9. Bh4 g5 10. Bg3 Ne4 11. Qc2 f5 12. e3 d6 13. Nd2 Qf6 14. f3 Nxg3 15.
hxg3 c5 16. dxc5 dxc5 17. O-O-O Nc6 18. g4 Rad8 19. gxf5 exf5 20. Bd3 Ne5 21.
Be2 Rd6 22. Nb1 Rxd1+ 23. Rxd1 f4 24. Qd2 Nc6 25. Nc3 fxe3 26. Qxe3 Nd4 27. Kb1
Qf4 28. Qe7 Qf7 29. Qd6 Qf6 30. Qh2 Nxe2 31. Nxe2 Rd8 32. Rxd8+ Qxd8 33. Kc1
Qe8 34. Kd2 Kg7 35. Qc7+ Qf7 36. Qb8 Bc6 37. Ke1 Ba4 38. Kf2 Bb3 39. Ng3 Bc2
40. Qe5+ Kh7 41. Ne4 Bxe4 42. Qxe4+ Kg7 43. b4 Qc7 44. b5 Qd6 45. Ke2 1/2-1/2

[Event "LXI C.to Italiano"]
[Site "Montecatini Terme ITA"]
[Date "2001.12.01"]
[Round "11"]
[White "Bellia, Fabrizio"]
[Black "Scafarelli, Francesco"]
[Result "1-0"]
[WhiteElo "2413"]
[BlackElo "2304"]
[PlyCount "57"]
[EventDate "2001.11.21"]

1. e4 c5 2. Nf3 d6 3. d4 cxd4 4. Nxd4 Nf6 5. Nc3 Nc6 6. Be2 g6 7. O-O Bg7 8.
Be3 O-O 9. Qd2 Ng4 10. Bxg4 Bxg4 11. Nxc6 bxc6 12. Bh6 Be6 13. Bxg7 Kxg7 14. b3
Qa5 15. f4 f5 16. Rae1 Rf7 17. Re3 Re8 18. h3 Bc8 19. Qd4+ e5 20. Qxd6 Qb6 21.
Qd2 exf4 22. Rxf4 g5 23. Rf2 fxe4 24. Nxe4 Bf5 25. Qc3+ Kg6 26. Nc5 Rxe3 27.
Qxe3 Qb4 28. Nd3 Bxd3 29. Qe6+ 1-0

[Event "LXI C.to Italiano"]
[Site "Montecatini Terme ITA"]
[Date "2001.12.01"]
[Round "11"]
[White "Sarno, Spartaco"]
[Black "Vezzosi, Paolo"]
[Result "1/2-1/2"]
[WhiteElo "2407"]
[BlackElo "2401"]
[PlyCount "21"]
[EventDate "2001.11.21"]

1. Nf3 Nf6 2. g3 g6 3. Bg2 Bg7 4. O-O O-O 5. c4 c5 6. d4 cxd4 7. Nxd4 Nc6 8.
Nc2 d6 9. Nc3 Be6 10. b3 Qd7 11. Bb2 1/2-1/2